000
00299nam a22001337a 4500
008
171016b xxu||||| |||| 00| 0 eng d
020
_a
9780631229612
041
_a
eng
080
_a
33
100
_a
52
101
_a
EKO
245
_a
COMPARATIVE ECONOMIC SYSTEMS
_c
ROSEFIELDE,S
942
_2
udc
_c
BK
999
_c
34076
_d
34076